| 000 | 00772nam a2200229Ii 4500 | ||
|---|---|---|---|
| 003 | JO-AjNU | ||
| 008 | 230605s9999||||xx |||||||||||||| ||und|| | ||
| 017 | _a2019/7/3701 | ||
| 020 | _a978-9957-22-810-1 | ||
| 040 |
_aJO-AjNU _bara _erda _cJO-AjNU |
||
| 041 | _aara | ||
| 050 | 1 | 4 | _aBF311.2020 |
| 100 | 3 |
_aخضر، وفاء كنعان, _eauthor _960550 |
|
| 245 | 0 | 0 | _aعلم النفس المعرفي |
| 250 | _aط1 | ||
| 264 | 3 | 1 | _aعمان: دار اسامة للنشر والتوزيع، 2020 |
| 300 | _a272ص | ||
| 336 |
_atext _btxt _2rdacontent |
||
| 337 |
_aunmediated _bn _2rdamedia |
||
| 338 |
_avolume _bnc _2rdacarrier |
||
| 650 | 4 |
_aعلم النفس المعرفي-العمليات العقلية-التفكير-الادراك-علم النفس _960551 |
|
| 999 |
_aA27310 _c30878 _d30878 |
||